| 000 | 00904nam a2200229 a 4500 | ||
|---|---|---|---|
| 001 | BRCA_789 | ||
| 005 | 20190320203142.0 | ||
| 008 | 090408s1985----co-o---###---#000-0#spa-# | ||
| 020 | _a9589084044 | ||
| 050 | 4 |
_aND379.V3 _b.P59 1985 |
|
| 100 | 1 |
_aPizano Restrepo, Roberto _92625 |
|
| 245 | 1 | 0 |
_aGregorio Vásquez de Arce y Ceballos _cRoberto Pizano Restrepo. |
| 250 | _a2 | ||
| 260 |
_aColombia _bSiglo Dieciseis _c1985 |
||
| 300 |
_aviii, 399 p. _bil. a color, fotografías _c32 cm. |
||
| 500 | _aIncluye índice de colecciones principales, índice onomástico y apéndices : anexo genealógico y anexo cronológico | ||
| 504 | _aBibliografía: p. 328-331 | ||
| 600 | 1 | 4 |
_aVásquez de Arce y Ceballos, Gregorio _d1638-1711 _xCrítica e interpretación _92626 |
| 650 | 1 | 4 |
_aPintores _ySiglos XVII a XVIII _zColombia _92627 |
| 650 | 1 | 4 |
_aPintura colonial _ySiglos XVII a XVIII _zColombia _92628 |
| 942 |
_2lcc _cB |
||
| 999 |
_c685 _d685 |
||